Britische Städte im Euro Truck Simulator 2 - Statistiken

Allgemein
  • Dieses Quiz wurde 32 mal gespielt
  • Das Durchschnittsergebnis liegt bei 12 aus 19
Antworten auf der Karte
Die Antworten werden auf der Karte rot bzw. grün angezeigt, abhängig davon wie oft sie richtig erraten wurden.
 
Antwortstatistiken
Städte % Korrekt
London
100%
Liverpool
96%
Manchester
96%
Birmingham
88%
Edinburgh
88%
Glasgow
88%
Aberdeen
85%
Cardiff
77%
Dover
69%
Plymouth
65%
Southampton
62%
Swansea
62%
Sheffield
58%
Newcastle-upon-tyne
35%
Cambridge
31%
Felixstowe
31%
Hull
31%
Carlisle
23%
Grimsby
15%
Keine übereinstimmenden Quizze gefunden
Verteilung der Resultate
Anzahl Personen mit jedem Resultat
Perzentil nach korrekt beantworteten Fragen
Ihre Resultats-Entwicklung
Sie haben dieses Quiz noch nicht gespielt